书目信息 |
| 题名: |
从善的政治到国家理由
|
|
| 作者: | 维罗里 著 ;郑红 译 | |
| 分册: | ||
| 出版信息: | 长春 吉林人民出版社 2011.1 |
|
| 页数: | 301页 | |
| 开本: | 24cm | |
| 丛书名: | 人文译丛 | |
| 单 册: | ||
| 中图分类: | D03 | |
| 科图分类: | ||
| 主题词: | 国家理论--研究 | |
| 电子资源: | ||
| ISBN: | 978-7-206-06971-0 | |
| 000 | 01009nam 2200277 45 | |
| 001 | 516 | |
| 005 | 20120531151331.62 | |
| 010 | @a978-7-206-06971-0@dCNY36.00 | |
| 100 | @a20120328d2011 em y0chiy0110 ea | |
| 101 | 1 | @achi@cita |
| 102 | @aCN@b220000 | |
| 105 | @ay a 000yy | |
| 106 | @ar | |
| 200 | 1 | @a从善的政治到国家理由@ACong Shan De Zheng Zhi Dao Guo Jia Li You@d= From politics to reason of state@f(意) 莫瑞兹奥·维罗里著@F( Yi ) Mo Rui Zi Ao· Wei Luo Li Zhu@g郑红译@zeng |
| 210 | @a长春@c吉林人民出版社@d2011.1 | |
| 215 | @a301页@d24cm | |
| 225 | 2 | @a人文译丛 |
| 330 | @a本书内容包括政治话语的重视、城市和政治人的哲学、马基雅维里与共和政治观、弗朗西斯科·圭恰蒂尼:在政治和权术之间、公民哲学的余晖等。 | |
| 461 | 0 | @12001 @a人文译丛 |
| 510 | 1 | @aFrom politics to reason of state@zeng |
| 606 | 0 | @a国家理论@x研究 |
| 690 | @aD03@v4 | |
| 701 | 1 | @a维罗里@AWei Luo Li@b莫瑞兹奥@4著 |
| 702 | 0 | @a郑红@AZheng Hong@4译 |
| 801 | 0 | @aCN@bTSTCL@c20120328 |
| 905 | @b0815036-39@dD03@e101@f4 | |
| 从善的政治到国家理由= From politics to reason of state/(意) 莫瑞兹奥·维罗里著/郑红译.-长春:吉林人民出版社,2011.1 |
| 301页;24cm.-(人文译丛) |
| ISBN 978-7-206-06971-0:CNY36.00 |
| 本书内容包括政治话语的重视、城市和政治人的哲学、马基雅维里与共和政治观、弗朗西斯科·圭恰蒂尼:在政治和权术之间、公民哲学的余晖等。 |
| ● |
| 相关链接 |
|
|
|
|
正题名:从善的政治到国家理由
索取号:D03/101
 
预约/预借
| 序号 | 登录号 | 条形码 | 馆藏地/架位号 | 状态 | 备注 |
| 1 | 0815036 | 208150365 | 第一样本阅览室/ [索取号:D03/101] | 在馆 | |
| 2 | 0815037 | 208150374 | 第一借阅区/ [索取号:D03/101] | 在馆 | |
| 3 | 0815038 | 208150383 | 第一借阅区/ [索取号:D03/101] | 在馆 | |
| 4 | 0815039 | 208150392 | 第一借阅区/ [索取号:D03/101] | 在馆 |